Contribution to study on jasmine វិភាគទានសិក្សាអំពីផ្កាម្លិះ (Record no. 488)

000 -LEADER
fixed length control field 00471nam a22001577a 4500
003 - CONTROL NUMBER IDENTIFIER
control field OSt
005 - DATE AND TIME OF LATEST TRANSACTION
control field 20150915112925.0
008 - FIXED-LENGTH DATA ELEMENTS--GENERAL INFORMATION
fixed length control field 150915b xxu||||| |||| 00| 0 eng d
040 ## - CATALOGING SOURCE
Transcribing agency RUA
082 ## - DEWEY DECIMAL CLASSIFICATION NUMBER
Classification number AGR CHA 1999 B024 Or.1
100 ## - MAIN ENTRY--PERSONAL NAME
9 (RLIN) 510
Personal name CHAN, PORN.
245 ## - TITLE STATEMENT
Title Contribution to study on jasmine វិភាគទានសិក្សាអំពីផ្កាម្លិះ
260 ## - PUBLICATION, DISTRIBUTION, ETC. (IMPRINT)
Place of publication, distribution, etc. Phnom Penh
Name of publisher, distributor, etc. RUA
Date of publication, distribution, etc. 1999
300 ## - PHYSICAL DESCRIPTION
Extent 36p.
Other physical details ill.
Dimensions 29cm.
942 ## - ADDED ENTRY ELEMENTS (KOHA)
Source of classification or shelving scheme
Koha item type AGR
Holdings
Price effective from Date last seen Permanent Location Not for loan Date acquired Source of classification or shelving scheme Koha item type Lost status Withdrawn status Date last checked out Total Checkouts Shelving location Damaged status Barcode Checked out Current Location Full call number
2015-09-152018-06-26Library Block B 2015-09-15 AGR  2018-06-123B024 RUA004211 Library Block BAGR CHA 1999 B024 Or.1
2015-09-152022-07-12Library Block B 2015-09-15 AGR  2022-06-242B024 RUA004451 Library Block BAGR CHA 1999 B024 Or.2
2015-09-152023-11-20Library Block B 2015-09-15 AGR  2023-11-201B024 RUA0041742023-12-07Library Block BAGR CHA 1999 B024 Or.3
2015-09-152018-06-22Library Block B 2015-09-15 AGR  2018-05-263B024 RUA004139 Library Block BAGR CHA 1999 B024 Or.4
2017-01-162023-08-15Library Block B 2017-01-16 AGR  2023-03-291  A05903 Library Block BAGR CHA 1999 B024 Or.5
មជ្ឈមណ្ឌលឯការនៃសាកលវិទ្យាល័យភូមិន្ទកសិកម្មចំការដូង

Powered by Koha